A jogtudomány helye az emberi gondolkozásban

Elmentve itt :
Bibliográfiai részletek
Szerző: Szabó József
Dokumentumtípus: Cikk
Megjelent: 1942
Sorozat:Szellem és élet 5 No. 4
Kulcsszavak:Jogtudomány, Filozófia
Tárgyszavak:
Online Access:http://acta.bibl.u-szeged.hu/12119
LEADER 00681nab a2200193 i 4500
001 acta12119
005 20250903151224.0
008 161015s1942 hu o 000 hun d
040 |a SZTE Egyetemi Kiadványok Repozitórium  |b hun 
041 |a hun 
100 1 |a Szabó József 
245 1 2 |a A jogtudomány helye az emberi gondolkozásban  |h [elektronikus dokumentum] /  |c  Szabó József 
260 |c 1942 
300 |a 214-229 
490 0 |a Szellem és élet  |v 5 No. 4 
650 4 |a Bölcsészettudományok 
650 4 |a Filozófia, etika és vallástudományok 
695 |a Jogtudomány, Filozófia 
856 4 0 |u http://acta.bibl.u-szeged.hu/12119/1/szellem_1942_004_214-229.pdf  |z Dokumentum-elérés